Entry Personal Name
Number of records used in: 1
001 - CONTROL NUMBER
003 - CONTROL NUMBER IDENTIFIER
005 - DATE AND TIME OF LATEST TRANSACTION
- control field:
20210702120931.0
008 - FIXED-LENGTH DATA ELEMENTS
- fixed length control field:
910320n| acannaab| |n aaa |||
010 ## - LIBRARY OF CONGRESS CONTROL NUMBER
- LC control number:
n 91027725
040 ## - CATALOGING SOURCE
- Original cataloging agency:
DLC
- Transcribing agency:
DLC
100 10 - HEADING--PERSONAL NAME
- Personal name:
Garnier, Rowan
670 ## - SOURCE DATA FOUND
- Source citation:
His Discrete mathematics for new technology, c1991:
- Information found:
CIP t.p. (Rowan Garnier, Div. of Math., Science, and Computer Science, Richmond College, London)